Preventorium : pabellones de Horta / Casa Provincial de Caridad de Barcelona pabellones de Horta / Casa Provincial de Caridad de Barcelona
Descripción Física:
17 p. : il. ; 24 cm
MARC
| LEADER | 00000nam a2200000Ia 4500 | ||
|---|---|---|---|
| 001 | 9198 | ||
| 008 | 160829s9999 xx 000 0 cat d | ||
| 080 | |a RF-3-26 | ||
| 110 | |a Casa de Caritat (Barcelona, Catalunya) |9 52406 | ||
| 245 | |a Preventorium : |b pabellones de Horta / Casa Provincial de Caridad de Barcelona | ||
| 260 | |a [Barcelona : |b Casa Provincial de Caridad, [1927] | ||
| 300 | |a 17 p. : |b il. ; |c 24 cm | ||
| 590 | |a Hi ha un duplicat a: DUP-323 | ||
| 650 | |a Casa de Caritat (Barcelona). Pavellons d'Horta |9 37605 | ||
| 710 | |a Casa de Caritat (Barcelona, Catalunya) |9 52406 | ||
| 856 | 4 | |u https://media.diba.cat/diba/fitxers/arxiu/fulletons/bib_9198_1927_baixa.pdf |y Accés lliure | |
| 856 | 4 | |u https://media.diba.cat/diba/fitxers/arxiu/fulletons/bib_9198_1927_baixa.pdf |y Accés lliure | |
| 901 | |a Arxiu | ||
| 942 | |n 1 |2 udc | ||
| 952 | |0 0 |1 0 |4 0 |6 RF326 |7 1 |9 47946 |a Arxiu |b Arxiu |d 2016-12-01 |l 0 |o RF-3-26 |p 9198 |r 2016-12-01 00:00:00 |w 2016-12-01 |y ARXIU | ||
| 999 | |c 51746 |d 51746 | ||
| 900 | |a bib_9198_1927_baixa.pdf | ||